000 00314nam a22001457a 4500
008 231004b ||||| |||| 00| 0 eng d
020 _a3540194843
041 _aeng
080 _a101
082 _a101BLI
100 _a44
101 _aASTRO
245 _aLECTURE NOTES IN PHYSICS
_cBLITZ.L
942 _2udc
_cBK
999 _c60423
_d60423